Web engineering Proceedings. 16th international conference, ICWE 2016, Lugano, Switzerland, June 6-9, 2016 /

Guardado en:
Detalles Bibliográficos
Autor Corporativo: ICWE 2016 Lugano, Švajčiarsko (Autor, Web engineering, 16th international conference)
Otros Autores: Bozzon, Alessandro (Editor), Cudré-Mauroux, Philippe (Editor), Pautasso, Cesare (Editor)
Formato: Procedimiento de la Conferencia Libro
Lenguaje:inglés
Publicado: [S. l.] Springer 2016
Edición:1. vyd.
Colección:Lecture Notes in Computer Science 9671
Etiquetas: Agregar Etiqueta
Sin Etiquetas, Sea el primero en etiquetar este registro!

MARC

LEADER 00000nam a22000003a 4500
001 0015639
003 SK-STU
005 20190206105308.0
007 ta
008 160630s ----xo-----e------100-0-----d
020 |a 978-3-319-38790-1 
040 |a STU  |b slo 
041 0 |a eng 
044 |a sz 
111 2 |a ICWE 2016  |n 16  |d 6. - 9. 6. 2016  |c Lugano, Švajčiarsko  |e Web engineering, 16th international conference  |4 aut 
245 1 0 |a Web engineering  |b Proceedings. 16th international conference, ICWE 2016, Lugano, Switzerland, June 6-9, 2016 /  |c ed. Alessandro Bozzon, Philippe Cudré-Mauroux, Cesare Pautasso 
250 |a 1. vyd. 
260 |a [S. l.]  |b Springer  |c 2016 
300 |a 626 s. 
490 1 |a Lecture Notes in Computer Science  |x 0302-9743  |v 9671 
700 1 |a Bozzon, Alessandro  |r Z6  |4 edt 
700 1 |a Cudré-Mauroux, Philippe  |r Z6  |4 edt 
700 1 |a Pautasso, Cesare  |r Z6  |4 edt 
830 0 |a Lecture Notes in Computer Science  |x 0302-9743  |v 9671 
996 |b 284ID00117  |c I*Z11049  |l I  |s A  |a 24  |w 0015639_0001